000 00663nam a2200229Ia 4500
003 OSt
005 20220928125142.0
006 a|||||r|||| 00| 0
007 ta
008 220927b |||||||| |||| 00| 0 eng d
024 _a39979
037 _cTextual
040 _aSDCL
_cSDCL
_beng
041 _2eng
_aeng
082 _aS:77, M4
100 _aKerlinger Fred N
_9468298
245 0 _aLiberalism and conservatism
_b The nature and structure of social attitudes.
260 _aNew Jersey
_bLawrence Erlbaum Associates
_c1984
300 _axvii,288p.
_ccm.
942 _hS:77, M4
_cTEXL
_2CC
999 _c781144
_d781144